| 000 | 00767nam a22001937a 4500 | ||
|---|---|---|---|
| 999 |
_c164695 _d164695 |
||
| 005 | 20190524143128.0 | ||
| 010 | _aUR-10154 | ||
| 020 |
_c200.00 _a9789387829084 |
||
| 035 | _aU-8709 | ||
| 037 | _bDBAD/PUB | ||
| 082 | _a841 | ||
| 100 | _aمحمد محبت علی منا ن نقشبند ی | ||
| 245 |
_a (شعر ی مجمو عہ چو تھا)گلشن منا ن _cمحمد محبت علی منا ن نقشبند ی |
||
| 246 |
_bGulshan-e-Manan(Poetry) (Urdu) _aby Mohd.Mohabbat Ali Mannan Naqshbandi |
||
| 260 |
_a Delhi _bEducational Publishing House _c2018 ء |
||
| 270 |
_a3191،Vakil Street,Kucha Pandit,Lal Kuan, _bDelhi _e110006 _k23216162 _l00911123211540 |
||
| 300 |
_a120ص _c22 Cm.(bk) |
||
| 942 |
_2ddc _cUR _h841 _mن ق ش |
||